| 000 | 01224nam a2200229Ia 4500 | ||
|---|---|---|---|
| 001 | L301-23366 | ||
| 003 | IT-CnALBA | ||
| 008 | 170116s9999||||xx |||||||||||||| ||und|| | ||
| 040 |
_aIT-CnALBA _cIT-CnALBA |
||
| 041 | _aITALIANO | ||
| 100 | _aGHIDELLI CARLO, SAC. | ||
| 245 | 0 | _aCOMUNICARE. - NOTE BIBLICHE PER LA VITA. | |
| 250 | _a1a ed. | ||
| 260 |
_aCINISELLO BALSAMO (MI) _bEDIZIONI PAOLINE _c1991 [1° Ed.:1991 - Ed.Ling.Originale: 1991] |
||
| 300 | _a141 p. (prefazione: 5) | ||
| 500 | _aSULLA LETTERA PASTORALE EFFATA' APRITI! DEL CARDINALE CARLO MARIA MARTINI. DOVERE DI COMUNICARE. DONO DI CREAZIONE. NECCESSITA'. OBBLIGO DI RICONOSCENZA. CORRISPONDENZA ALL'AMORE. ESPLOSIONE DI FEDE. BISOGNO VITALE. DIALOGO NELLA PREGHIERA. IMPEGNO ECCLES | ||
| 501 | _aSocietà San Paolo EM - Piazza San Paolo, 14 - 12051 ALBA (CN) (non commercial uses only) ® Copyright 2017 | ||
| 520 | _aSULLA LETTERA PASTORALE EFFATA' APRITI! DEL CARDINALE CARLO MARIA MARTINI. DOVERE DI COMUNICARE. DONO DI CREAZIONE. NECCESSITA'. OBBLIGO DI RICONOSCENZA. CORRISPONDENZA ALL'AMORE. ESPLOSIONE DI FEDE. BISOGNO VITALE. DIALOGO NELLA PREGHIERA. IMPEGNO ECCLES | ||
| 650 | _aSCIENZE SOCIALI | ||
| 942 | _cBK | ||
| 957 | _71 | ||
| 999 |
_a28107 _bNO _g Copie: 1 _c282466 _d282466 |
||